| 000 | 00521cam a2200205ua 4500 | ||
|---|---|---|---|
| 020 |
_a81-224-0420-0 _c400.00 |
||
| 041 |
_aeng _h |
||
| 082 |
_a621.366 _bCHO/LA |
||
| 100 | _aChopra, S . | ||
| 245 |
_aLasers in chemicals and biological sciences / _cS Chopra. _hTextual Documents |
||
| 250 |
_a1 / _b. |
||
| 260 |
_aNew Delhi : _bWiley Eastern Ltd , _c1992. |
||
| 300 | _a190 ; . | ||
| 365 | _a400.00 | ||
| 500 | _a*CSS | ||
| 504 | _a | ||
| 700 | 1 | _aChawla, H M . | |
| 942 | _cBK | ||
| 999 |
_c10302 _d10302 |
||